000 00600nam a2200241 a 4500
001 nice12345678
003 IN_TiNIC
005 20260116011400.0
008 050524s1931 saia grp 000 0 ara
020 _a
_c100
082 0 0 _a297.64
_bAMI
100 _aAmidi Al, Abdul Wahid
245 _aGhurur-Al-Hikam Wa-Durar Al-Kalim
_b Saying of Ali.
260 _aSaida
_bMatbatul Irfan
_c1931
300 _a271p.
500 _aincludes index and biblioraphy
505 2 _aIndex
650 _aAli-Caliph
700 1 _aAmidi Al, Abdul Wahid
902 _bSRS
942 _cBK
999 _c1044
_d1044